000 00728cam a22002533a 4500
001 24663
003 PGUSA
005 20140828083530.0
008 080221s2008||||xxu|||||s|||||000 1 eng d
040 _aPGUSA
_beng
042 _adc
050 4 _aPZ
100 1 _aGates, Eleanor,
_d1875-1951
245 1 4 _aThe Rich Little Poor Boy
_h[electronic resource] /
_cEleanor Gates
260 _bProject Gutenberg,
_c2008
506 _aPublic domain in the USA.
516 _aElectronic text
653 _aChild abuse -- Fiction
653 _aNew York (N.Y.) -- Juvenile fiction
653 _aOrphans -- Juvenile fiction
830 0 _aProject Gutenberg
_v24663
856 4 0 _uhttp://www.gutenberg.org/ebooks/24663
942 _cEB
999 _c253918
_d253918